000
00309 a2200145 4500
001
48279
040
_c
Anchieta - Bela Vista
100
_a
Braz, Júlio Emílio
240
1
0
_a
Pollyanna
_l
por
245
1
0
_a
Pollyanna
300
_a
55p.
362
0
_a
2007
650
4
_a
Literatura infanto-juvenil
942
_c
BK
999
_c
48279
_d
48279